Ambedkar's role in economic planning water and power policy / (Record no. 17148)

MARC details
000 -LEADER
fixed length control field 00786nam a22002177a 4500
005 - DATE AND TIME OF LATEST TRANSACTION
control field 20081021094941.0
008 - FIXED-LENGTH DATA ELEMENTS--GENERAL INFORMATION
fixed length control field 081021t xxu||||| |||| 00| 0 eng d
010 ## - LIBRARY OF CONGRESS CONTROL NUMBER
LC control number ENG-84186
020 ## - INTERNATIONAL STANDARD BOOK NUMBER
International Standard Book Number 8175413220
020 ## - INTERNATIONAL STANDARD BOOK NUMBER
Terms of availability 495.00 (hb)
035 ## - SYSTEM CONTROL NUMBER
System control number EN-67719
082 ## - DEWEY DECIMAL CLASSIFICATION NUMBER
Classification number 338.90092
100 ## - MAIN ENTRY--PERSONAL NAME
Personal name Thorat, Sukhadeo
245 ## - TITLE STATEMENT
Title Ambedkar's role in economic planning water and power policy /
Statement of responsibility, etc by Sukhadeo Thorat
260 ## - PUBLICATION, DISTRIBUTION, ETC. (IMPRINT)
Place of publication, distribution, etc Delhi
Name of publisher, distributor, etc Shipra Publications
260 ## - PUBLICATION, DISTRIBUTION, ETC. (IMPRINT)
Date of publication, distribution, etc 2006
300 ## - PHYSICAL DESCRIPTION
Extent x,238p
Dimensions 22cm
500 ## - GENERAL NOTE
General note Includes bibliographical references and index
942 ## - ADDED ENTRY ELEMENTS (KOHA)
Source of classification or shelving scheme Dewey Decimal Classification
Koha item type English Books
Classification part 338.90092
Call number suffix THO
Holdings
Withdrawn status Lost status Source of classification or shelving scheme Damaged status Not for loan Home library Current library Date acquired Source of acquisition Cost, normal purchase price Total Checkouts Full call number Barcode Date last seen Copy number Cost, replacement price Price effective from Koha item type
    Dewey Decimal Classification   Not For Loan D.B.Act.Division D.B.Act.Division 26/02/2007 dbad/pub 495.00   338.90092 THO EN-67719 21/10/2008 1 495.00 21/10/2008 English Books

© Delhi Public Library
Hit Counter
free hit counter